00250nam a22001097a 4500003000400000005001700004008004100021040001400062100000800076245002400084260003200108OSt20170925104159.0170925b xxu||||| |||| 00| 0 eng d csero soft aSSC aSupreme Court Cases aLucknowbEastern book House